Delivering exceptional performance : aligning the potential of organizations, teams and individuals

Αποθηκεύτηκε σε:
Λεπτομέρειες βιβλιογραφικής εγγραφής
Κύριος συγγραφέας: Jones, Pam
Άλλοι συγγραφείς: Palmer, Joy, Osterweil, Carole, Whitehead, Diana
Μορφή: Βιβλίο
Γλώσσα:English
Δημοσίευση: London : Pitman, 1996
Θέματα:
Ετικέτες: Προσθήκη ετικέτας
Δεν υπάρχουν, Καταχωρήστε ετικέτα πρώτοι!

MARC

LEADER 00000nam a2200000 i 4500
001 1/59761
008 980601s1996 eng d
020 |a 0273624989 
035 |l 10028597 
040 |a GR-MY-UA  |b gre  |e aacr 
041 0 |a eng 
082 0 |a 658 
100 1 |a Jones, Pam. 
245 1 0 |a Delivering exceptional performance :  |b aligning the potential of organizations, teams and individuals /  |c Pam Jones ...[et al] 
260 |a London :   |b Pitman,   |c 1996 
300 |a xv, 300 p. 
504 |a Includes index 
650 0 0 |a Management. 
700 1 |a Palmer, Joy. 
700 1 |a Osterweil, Carole. 
700 1 |a Whitehead, Diana. 
852 |a INST  |b CHIOS  |e 19980601  |h 658 DEL  |p 005200016386  |q 005200016386  |t BK  |y 0 
901 |a BIBL-1998-2 
909 |a Χ  |b 055690 
922 |a 2ΕΛΗ  |b 199804  |c ΤΔΕ  |d ΠΑΠΑΣΩΤΗΡΙΟΥ